Renting homes: status and security in the UK and France - a comparison in the light of the Law Commission's proposals (Record no. 72397)
[ view plain ]
| 000 -LEADER | |
|---|---|
| fixed length control field | 01531cam a22002175a 4500 |
| 001 - CONTROL NUMBER | |
| control field | ABS66540 |
| 008 - FIXED-LENGTH DATA ELEMENTS--GENERAL INFORMATION | |
| fixed length control field | 030401s2003 xxk 000 0 eng u |
| 035 ## - SYSTEM CONTROL NUMBER | |
| System control number | (Sirsi) u121837 |
| 100 ## - MAIN ENTRY--PERSONAL NAME | |
| Personal name | Ball, J. |
| 245 ## - TITLE STATEMENT | |
| Title | Renting homes: status and security in the UK and France - a comparison in the light of the Law Commission's proposals |
| 260 ## - PUBLICATION, DISTRIBUTION, ETC. | |
| Date of publication, distribution, etc. | 2003 |
| 490 ## - SERIES STATEMENT | |
| Series statement | The Conveyancer |
| Volume/sequential designation | 67 January/February 2003, 38-60(23) |
| 520 ## - SUMMARY, ETC. | |
| Summary, etc. | Studies the profound reforms to residential tenancies of less than 21 years in England, Wales and Northern Ireland proposed in the Law Commission's consultation paper "Renting homes 1: status and security" published in 2002 - available at www.lawcom.gov.uk. Scotland has its own reformed tenancy under the Housing (Scotland) Act 2001. The proposals will turn residential tenancies into consumer contracts and bring remedies within tenants' reach (if their tenancy terms are unsatisfactory) as well as bringing the UK in line with most of Europe in classifying tenancies as contracts rather than property. The paper makes a preliminary comparison with the protection of tenants in France. |
| 590 ## - LOCAL NOTE (RLIN) | |
| Local note | ABS |
| 651 #4 - SUBJECT ADDED ENTRY--GEOGRAPHIC NAME | |
| Geographic name | United Kingdom |
| 651 #4 - SUBJECT ADDED ENTRY--GEOGRAPHIC NAME | |
| Geographic name | France |
| 690 ## - LOCAL SUBJECT ADDED ENTRY--TOPICAL TERM (OCLC, RLIN) | |
| Topical term or geographic name as entry element | PROPERTY-RESIDENTIAL PROPERTY-RESIDENTIAL LANDLORD AND TENANT-RESIDENTIAL TENANCIES |
| 856 ## - ELECTRONIC LOCATION AND ACCESS | |
| Uniform Resource Identifier | <a href="https://www.lawcom.gov.uk/76.htm">https://www.lawcom.gov.uk/76.htm</a> |
| Public note | View Law Commission consultation paper... |
| 856 ## - ELECTRONIC LOCATION AND ACCESS | |
| Uniform Resource Identifier | <a href="https://www.legislation.gov.uk/asp/2001/10/contents">https://www.legislation.gov.uk/asp/2001/10/contents</a> |
| Public note | View Housing (Scotland) Act 2001 at www.legislation.gov.uk |
| 942 ## - ADDED ENTRY ELEMENTS (KOHA) | |
| Suppress in OPAC | 0 |
| Source of classification or shelving scheme | Dewey Decimal Classification |
| Withdrawn status | Lost status | Source of classification or shelving scheme | Damaged status | Not for loan | Home library | Current library | Shelving location | Date acquired | Total Checkouts | Full call number | Barcode | Date last seen | Copy number | Price effective from | Koha item type |
|---|---|---|---|---|---|---|---|---|---|---|---|---|---|---|---|
| Dewey Decimal Classification | London | London | Journal article | 01/04/2003 | ABS66540 | 121837-1001 | 06/08/2019 | 1 | 06/08/2019 | Journal article |